Sports Quiz

Random Sports or Rugby Quiz
Score 0/55 Timer 06:00
3 Plays Today
Hint Answer % Correct
Eight official eight-ball colorsRed
90.7%
Eight official eight-ball colorsBlue
90.1%
Eight official eight-ball colorsGreen
89.6%
Eight official eight-ball colorsYellow
89.1%
Eight official eight-ball colorsBlack
89.1%
Eight official eight-ball colorsPurple
86.7%
Ten women to achieve a tennis Career Grand SlamSerena Williams
86.6%
Eight official eight-ball colorsOrange
82.3%
First Five Cricket World Cup winning nationsIndia
72.8%
Seven Canadian NHL teamsToronto Maple Leafs
72%
Four men's major golf championshipsThe Masters
70.8%
Four men's major golf championshipsUS Open
69.2%
Seven Canadian NHL teamsMontreal Canadiens
69%
Seven Canadian NHL teamsVancouver Canucks
64.5%
Four men's major golf championshipsThe Open Championship
63.7%
Eight official eight-ball colorsMaroon
63.1%
Two MLB stadiums older than 100 yearsWrigley Field
62.3%
Two MLB stadiums older than 100 yearsFenway Park
62.1%
One NFL career touchdown leader (WR)Jerry Rice
61.5%
First Five Cricket World Cup winning nationsAustralia
61.3%
Six divisions
in the NBA
Pacific
60%
Seven Canadian NHL teamsOttawa Senators
59.3%
Seven Canadian NHL teamsEdmonton Oilers
58.8%
Six divisions
in the NBA
Atlantic
58.7%
Nine MLB team nicknames that contain ‘T’Oakland Athletics
55.3%
Nine MLB team nicknames that contain ‘T’New York Mets
55.2%
Seven Canadian NHL teamsWinnipeg Jets
54.9%
First Five Cricket World Cup winning nationsPakistan
54.8%
Hint Answer % Correct
Ten women to achieve a tennis Career Grand SlamSteffi Graf
54.3%
Nine MLB team nicknames that contain ‘T’Detroit Tigers
54.1%
Seven Canadian NHL teamsCalgary Flames
53.4%
Nine MLB team nicknames that contain ‘T’Minnesota Twins
53.2%
Six divisions
in the NBA
Central
52.7%
Four men's major golf championshipsPGA Championship
52.4%
Nine MLB team nicknames that contain ‘T’Houston Astros
51.2%
Nine MLB team nicknames that contain ‘T’Chicago White Sox
49.6%
Six divisions
in the NBA
Southwest
48.9%
Nine MLB team nicknames that contain ‘T’San Francisco Giants
48.4%
Six divisions
in the NBA
Southeast
48.4%
Six divisions
in the NBA
Northwest
46.4%
Nine MLB team nicknames that contain ‘T’Pittsburgh Pirates
45.9%
Nine MLB team nicknames that contain ‘T’Washington Nationals
45.1%
Ten women to achieve a tennis Career Grand SlamMartina Navratilova
44%
Ten women to achieve a tennis Career Grand SlamBillie Jean King
43.8%
Three official weapons of Olympic fencingÉpée
40%
Ten women to achieve a tennis Career Grand SlamMaria Sharapova
35%
Ten women to achieve a tennis Career Grand SlamChris Evert
33.6%
Three official weapons of Olympic fencingSabre
32.8%
First Five Cricket World Cup winning nationsSri Lanka
31.3%
Three official weapons of Olympic fencingFoil
25.4%
First Five Cricket World Cup winning nationsWest Indies
24.8%
Ten women to achieve a tennis Career Grand SlamMargaret Court
24.6%
Ten women to achieve a tennis Career Grand SlamMaureen Connolly
3.7%
Ten women to achieve a tennis Career Grand SlamDoris Hart
2.6%
Ten women to achieve a tennis Career Grand SlamShirley Fry
2%
Remove Ads.
Support Sporcle.
Get the best of Sporcle when you Go Orange. This ad-free experience offers more features, more stats, and more fun while also helping to support Sporcle. Thank you for becoming a member.

You're not logged in!

Compare scores with friends on all Sporcle quizzes.
OR
Log In

Show Comments

Extras

Top Quizzes Today


Score Distribution

Your Account Isn't Verified!

In order to create a playlist on Sporcle, you need to verify the email address you used during registration. Go to your Sporcle Settings to finish the process.

Report this User

Report this user for behavior that violates our Community Guidelines.

Details: